=LDR 00000nam 2200000 4500 =001 INLIS000000000033481 =005 20130612135430 =008 ***********************************ind** =035 ##$$0010-061300000033481 =041 ##$$a ind =082 ##$$a 658.301 =090 ##$$a 658.301, Awa m =100 ##$$a AWANGGA, Suryaputra N =245 ##$$a Menembus Tes Seleksi Pegawai =260 ##$$a 2007 $b Yogyakarta =300 ##$$a x, 164 hlm, iluis, 20 cm =650 ##$$a Menejemen Pegawai - Peencanaan =850 ##$$a NBPNMAT =990 ##$$a 0001/BPAP-NTB/2015